000 01031nam a2200289 a 4500
001 BRL_526
005 20190320210802.0
008 020913s1986----gw-a######---#000-0#ger-#
020 _a3805309082
041 _ager
044 _agw
050 4 _aF1218.5
_b.G53 1986
245 1 0 _aGlanz und Untergang des Alten Mexiko
_bdie Azteken und ihre Vorläufer
_cHerausgeber, Arne Eggebrecht ; Redaktion, Ulf Bankmann, Manfred Gutgesell, Wolf-Günter Thieme
260 _aMainz am Rhein
_bVerlag Phillipp Von Zabern
_c1986
300 _a2v., 574 p.
_bil.
_c24 cm.
500 _av.1 Au583, v.2 Au584
500 _aBibliografía: p.213-225
650 1 4 _aIndígenas de mexico
_vExposiciones
_xAntigüedades
_9595
650 1 4 _aAztecas
_vExposiciones
_xAntigüedades
_924201
651 4 _aMéxico
_vExposiciones
_xAntigüedades
_924202
700 1 _aEggebrecht, Arne
_eed.
_924203
700 1 _aBankmann, Ulf
_924204
700 1 _aGutgesell, Manfred
_924205
710 2 _aRoemer und Pelizaeus Museum
_924206
902 _aGRL
942 _2lcc
_cB
999 _c9338
_d9338